000 00332nam a22001217a 4500
999 _c410
_d410
005 20200812165054.0
008 200812b ||||| |||| 00| 0 eng d
020 _a5729
040 _cCML
245 _aFaith for Modern Man.
_cGilkes, A.N.
260 _aLondon
_bFaber and Faber
_c1960
942 _2ddc
_cBK
_h234.2
_mGIL